[Event "GRE-chT 49th"]
[Site "Thessaloniki"]
[Date "2022.08.16"]
[Round "6"]
[White "Roditakis, Emmanouil"]
[Black "Stathatos, Alexandros"]
[Result "0-1"]
[WhiteElo "1221"]
[BlackElo "1861"]
[PlyCount "94"]
[EventDate "2022.08.12"]
[EventType "team-swiss"]
[EventRounds "7"]
[EventCountry "GRE"]
[SourceTitle "EXT 2024"]
[Source "ChessBase"]
[SourceDate "2023.10.10"]
[SourceVersion "1"]
[SourceVersionDate "2023.10.10"]
[SourceQuality "1"]
[WhiteTeam "Gaziou SA"]
[BlackTeam "Asos Rodou Hippotis"]
[WhiteTeamCountry "GRE"]
[BlackTeamCountry "GRE"]

1. e4 c5 2. c3 d5 3. exd5 Qxd5 4. d4 Bf5 5. dxc5 Qxc5 6. Be3 Qc7 7. Bd3 Bxd3 8. Qxd3 e6 9. Nf3 Nf6 10. h3 Nc6 11. Nbd2 Rd8 12. Qb5 Rd7 13. 0-0 Be7 14. Nb3 Nd5 15. Bd2 a6 16. Qe2 Bf6 17. Nc5 Rd8 18. Ne4 Be7 19. c4 Nf4 20. Qe3 e5 21. Nc3 0-0 22. Nxe5 Nxe5 23. Qxf4 g5 24. Qg3 Rxd2 25. Nd5 Qd6 26. f4 Nxc4 27. Nxe7+ Qxe7 28. Rfe1 Qf6 29. Qg4 Qxf4 30. Qxf4 gxf4 31. Re4 Ne3 32. Re1 f5 33. Re7 Rf7 34. Re8+ Kg7 35. Kh1 Nxg2 36. Rg1 f3 37. Re3 Kf6 38. Rxf3 Nh4 39. Rf4 Ng6 40. Rb4 Re7 41. Rf1 Ree2 42. Rb6+ Ke5 43. Rc1 Rh2+ 44. Kg1 Rdg2+ 45. Kf1 Nf4 46. Re1+ Kd5 47. Rd1+ Kc5 0-1

[Event "Heraklion op 27th"]
[Site "Heraklion"]
[Date "2019.09.09"]
[Round "8"]
[White "Roditakis, Emmanouil"]
[Black "Borbantonakis, Ioannis"]
[Result "0-1"]
[WhiteElo "1193"]
[BlackElo "1635"]
[PlyCount "68"]
[EventDate "2019.09.03"]
[EventType "swiss"]
[EventRounds "9"]
[EventCountry "GRE"]
[SourceTitle "EXT 2020"]
[Source "ChessBase"]
[SourceDate "2019.10.17"]
[SourceVersion "1"]
[SourceVersionDate "2019.10.17"]
[SourceQuality "1"]

1. e4 d6 2. Nf3 Nf6 3. Nc3 g6 4. Bc4 Bg7 5. d3 a6 6. h3 0-0 7. Be3 b5 8. Bb3 c5 9. a3 Nc6 10. Qd2 Bb7 11. Bh6 Na5 12. Ba2 Qc7 13. Bxg7 Kxg7 14. Ng5 c4 15. Rc1 d5 16. exd5 Rad8 17. 0-0 Nxd5 18. Nxd5 Rxd5 19. Qc3+ Qe5 20. Qxe5+ Rxe5 21. Nf3 Rh5 22. Nd2 Rd8 23. Nb1 cxd3 24. cxd3 Rxd3 25. Rc3 Rxc3 26. Nxc3 Nc4 27. Bxc4 bxc4 28. Ne2 Rb5 29. Rb1 Be4 30. Rc1 Rxb2 31. Nc3 Bd3 32. Na4 Rb1 33. Rxb1 Bxb1 34. Nb2 c3 0-1

[Event "Heraklion op 27th"]
[Site "Heraklion"]
[Date "2019.09.04"]
[Round "3"]
[White "Roditakis, Emmanouil"]
[Black "Xirouhakis, Emmanouil"]
[Result "0-1"]
[WhiteElo "1193"]
[BlackElo "1574"]
[PlyCount "100"]
[EventDate "2019.09.03"]
[EventType "swiss"]
[EventRounds "9"]
[EventCountry "GRE"]
[SourceTitle "EXT 2020"]
[Source "ChessBase"]
[SourceDate "2019.10.17"]
[SourceVersion "1"]
[SourceVersionDate "2019.10.17"]
[SourceQuality "1"]

1. e4 c5 2. Nf3 d6 3. d4 cxd4 4. Nxd4 Nf6 5. Nc3 a6 6. Bd3 e5 7. Nb3 Be7 8. 0-0 Nbd7 9. Be3 b6 10. Be2 Bb7 11. f3 0-0 12. Qd2 Rc8 13. Rfd1 b5 14. Bd3 Nb6 15. Qe2 Qc7 16. a3 Rfd8 17. Qf2 Nbd7 18. Nc1 Re8 19. N1e2 Nc5 20. Rac1 Bf8 21. Ng3 Bc6 22. b4 Ncd7 23. Nce2 Qb7 24. c4 bxc4 25. Bxc4 d5 26. exd5 Bxd5 27. Bxd5 Nxd5 28. Nf5 Nxe3 29. Nxe3 Rxc1 30. Rxc1 e4 31. f4 a5 32. Nc2 axb4 33. axb4 Nf6 34. Kh1 Nd5 35. Rb1 Qc7 36. Ned4 Nxf4 37. Qg3 Qb8 38. b5 Nd5 39. b6 Bd6 40. Qb3 Qb7 41. Qa4 Rc8 42. Qa7 Rb8 43. Nc6 Qxc6 44. b7 Qxc2 45. Ra1 Nf4 46. Rg1 Qd2 47. Qa6 Qd5 48. Rc1 Rxb7 49. Qxd6 Qxd6 50. Rc8+ Qf8 0-1

[Event "Heraklion op 24th"]
[Site "Heraklion"]
[Date "2018.09.03"]
[Round "1"]
[White "Roditakis, Emmanouil"]
[Black "Kouvidis, Ioannis"]
[Result "0-1"]
[WhiteElo "1186"]
[BlackElo "1945"]
[PlyCount "94"]
[EventDate "2018.09.03"]
[EventType "swiss"]
[EventRounds "9"]
[EventCountry "GRE"]
[SourceTitle "CBM 186 Extra"]
[Source "ChessBase"]
[SourceDate "2018.08.24"]
[SourceVersion "1"]
[SourceVersionDate "2018.08.24"]
[SourceQuality "1"]

1. e4 e6 2. d4 c5 3. Nf3 cxd4 4. Nxd4 Nf6 5. Nc3 Nc6 6. Bc4 Bc5 7. Nf3 h6 8. 0-0 0-0 9. Bf4 d6 10. h3 a6 11. e5 dxe5 12. Nxe5 Qe8 13. a3 b5 14. Ba2 Bb7 15. Nf3 Rd8 16. Qe2 Nd4 17. Nxd4 Bxd4 18. Kh1 Qc6 19. f3 Bxc3 20. bxc3 Qxc3 21. Be5 Qd2 22. Qxd2 Rxd2 23. Bxf6 gxf6 24. Bb3 Rfd8 25. a4 b4 26. Kg1 a5 27. Rf2 Rxf2 28. Kxf2 Rd2+ 29. Kg1 Bd5 30. Rb1 Kf8 31. Kf1 Ke7 32. Re1 Kd6 33. Re2 Rxe2 34. Kxe2 Bxb3 35. cxb3 Kd5 36. Kd3 f5 37. g4 f4 38. h4 f6 39. h5 e5 40. Ke2 Kd4 41. Kd2 e4 42. fxe4 Kxe4 43. Ke2 Kd4 44. Kd2 Ke4 45. Ke2 f3+ 46. Kf2 Kf4 47. Kf1 Ke5 0-1